'Man' Movies Slideshow Quiz Stats

 Plays Quiz Updated Feb 21, 2015

Challenge
Share
Tweet
Score 0/20 Timer 10:00
12 Plays Today
% Correct
Iron Man
98.4%
Spider-Man
89.1%
Rain Man
85.7%
Man of Steel
80.6%
Cinderella Man
61%
The Man with the Golden Gun
59.5%
She's the Man
54.3%
Man on a Ledge
50.2%
Yes Man
48.8%
I Love You, Man
48.1%
% Correct
The Running Man
44.4%
Dead Man Walking
43.6%
Encino Man
42.4%
Man on Fire
40%
Demolition Man
39.9%
Hollow Man
38.7%
Bicentennial Man
37.3%
Inside Man
35%
The Wicker Man
31.6%
The Weather Man
27.7%

You're not logged in!

Compare scores with friends on all Sporcle quizzes.
OR
Log In

You Might Also Like...

Show Comments

Extras

Top Quizzes Today


Score Distribution

Your Account Isn't Verified!

In order to create a playlist on Sporcle, you need to verify the email address you used during registration. Go to your Sporcle Settings to finish the process.

Report this User

Report this user for behavior that violates our Community Guidelines.

Details: